President`s forum ; (Record no. 7742)

MARC details
000 -LEADER
fixed length control field 00318nam a22001097a 4500
008 - FIXED-LENGTH DATA ELEMENTS--GENERAL INFORMATION
fixed length control field 190314b ||||| |||| 00| 0 eng d
082 ## - DEWEY DECIMAL CLASSIFICATION NUMBER
Classification number 339.4 P39p 2017
245 ## - TITLE STATEMENT
Title President`s forum ;
Remainder of title Transformative power of universities for our future.
260 ## - PUBLICATION, DISTRIBUTION, ETC.
Place of publication, distribution, etc. Hongkong ;
Date of publication, distribution, etc. 2017.
300 ## - PHYSICAL DESCRIPTION
Extent 60 p.
Other physical details ill
Dimensions 30 cm.
942 ## - Added entry Elements (Koha)
Source of classification or shelving scheme Dewey Decimal Classification
Holdings
Withdrawn status Lost status Source of classification or shelving scheme Damaged status Not for loan Collection code Home library Current library Shelving location Date acquired Serial Enumeration / chronology Total Checkouts Full call number Barcode Date last seen Price effective from Koha item type
    Dewey Decimal Classification     Main TEST RTC Library RTC Library Main opac 14/03/2019 13549   339.4 PRE 30013080 14/03/2019 14/03/2019 Main
Royal Thimphu College || All Right Reserved